000 00326nab a22001097u 4500
008 130520b1983 xxu||||| |||| 00| 0 spa d
041 _aspa
100 1 _aCollet, Jean
_952271
245 0 0 _aDe Job a Bergman. La angustia, el desafío
_cJean Collet
773 0 _tConcilium
_gV.3,1983,págs.428-433
_x0210-1041
_wRev134
942 _cAR
999 _c355012
_d355012